00669cam a22002411 4500001001300000003000400013005001700017008004100034010001700075035001900092040001800111042001200129050001500141100001800156245005600174260002900230300001900259490002800278504003200306650003400338650004000372999001500412af 47003776 DLC20260227110821.0810130s1946 fr b 000 0 fre  aaf 47003776  a(OCoLC)7094976 aDLCcNNUdDLC apremarc00aDC397b.V21 aVaast, Emile.13aLa double déchéance à la double libération. aParis,bR. Simonc[1946] a192 p.c19 cm.0 aCollection littéraire aBibliographical foot-notes. 0aWorld War, 1939-1945zFrance. 0aReconstruction (1939-1951)zFrance. c2328d2328